Normal view
MARC view
Entry Personal Name
001 - CONTROL NUMBER
- control field: 72014
003 - CONTROL NUMBER IDENTIFIER
- control field: OSt
005 - DATE AND TIME OF LATEST TRANSACTION
- control field: 20230211120244.0
008 - FIXED-LENGTH DATA ELEMENTS
- fixed length control field: 230211|| aca||aabn | a|a d
040 ## - CATALOGING SOURCE
- Original cataloging agency: OSt
- Transcribing agency: OSt
100 ## - HEADING--PERSONAL NAME
- Personal name: SHABBIR (Mohammad) Ed
670 ## - SOURCE DATA FOUND
- Source citation: Work cat.: (OSt)124009: SHABBIR (Mohammad) Ed, Human rights in the twenty first century: challenges ahead, 2017